|
|
|
|
| LEADER |
00000nam0a2200000 4500 |
| 001 |
361871 |
| 005 |
20231102011431.0 |
| 035 |
|
|
|a (RuTPU)RU\TPU\retro\19217
|
| 090 |
|
|
|a 361871
|
| 100 |
|
|
|a 20210706d1980 km y0rusy50 ca
|
| 101 |
0 |
|
|a rus
|
| 102 |
|
|
|a RU
|
| 105 |
|
|
|a a z 000zb
|
| 200 |
1 |
|
|a Джордже Энеску 1881-1953
|e популярная монография
|f Е. И. Мейлих
|
| 210 |
|
|
|a Ленинград
|c Музыка
|d 1980
|
| 215 |
|
|
|a 80 с.
|c ил.
|
| 600 |
|
1 |
|a Энеску
|b Дж.
|c румынский композитор, скрипач, дирижер
|f 1881- 1955
|g Джордже
|2 stltpush
|3 (RuTPU)RU\TPU\pers\46921
|9 22521
|
| 606 |
1 |
|
|a Композиторы
|2 stltpush
|3 (RuTPU)RU\TPU\subj\15032
|9 41330
|
| 610 |
1 |
|
|a музыка
|
| 610 |
1 |
|
|a музыкальная культура
|
| 610 |
1 |
|
|a музыкальное творчество
|
| 610 |
1 |
|
|a Венгрия
|
| 610 |
1 |
|
|a 19 век
|
| 610 |
1 |
|
|a 20 век
|
| 610 |
1 |
|
|a история
|
| 610 |
1 |
|
|a персоналии
|
| 610 |
1 |
|
|a музыканты
|
| 675 |
|
|
|a 78.071.1
|v 4
|
| 700 |
|
1 |
|a Мейлих
|b Е. И.
|g Евгений Иосифович
|
| 801 |
|
1 |
|a RU
|b 63413507
|c 20210706
|
| 801 |
|
2 |
|a RU
|b 63413507
|c 20210706
|g RCR
|
| 942 |
|
|
|c BK
|